00938nam a2200229 a 450000100100000000500170001000800410002702000180006804000250008608200150011110000330012624500710015926000730023030000350030349000260033850000730036450000760043750400320051383000330054595201130057899900170069100004445820201002045404.0140702s2009 bl ac 000 0 spa d a9788576171744 aDO-SdBNPbspacBNPHU axxxxbxxxx1 aSilva, Yara dad1950-97247610aTia Carmem :bnegra tradiçaõ da Praça Onze /cYara da Silva. aRio de Janeiro :bFundaçaõ Biblioteca NacionalbGaramond,c2009. a146 p. :bil. retrs. ;c21 cm.1 aPersonalidades negras aIncluye referencias bibliográficas y notas al pie de las páginas aIncluye datos biográficos del autor en la solapa de la contracubierta aBibliografía : p. 145-146 0aPersonalidades negras959292 001050718MOaGRbGRcCTd2014-07-02iLF1l0oxxxx xxxxp44458-10r2020-06-25w2020-06-25y1ZNo se presta c43947d43947